00302nam a2200133Ia 45000030006000000080041000060400015000471000026000622450032000882500010001202600009001305460012001390050017001510STCL150530s9999 xx 000 0 und d aSTCLcSTCL aSubhash Chandra Datta aIntroduction to gymnosperms aThird c1984 aEnglish20220125170412.0